| 000 | 00455cam a2200181ua 4500 | ||
|---|---|---|---|
| 020 | _cRs 1.75 | ||
| 041 |
_amal _h |
||
| 082 |
_a894.812 2 _bBRA/AN |
||
| 100 | _aBrahmavathan, . | ||
| 245 |
_aAnarkali adhava ashrukuteeram / _cBrahmavathan. _hTextual Documents |
||
| 260 |
_aKozhikode : _bP.K Brothers , _c1963. |
||
| 300 | _a149 ; . | ||
| 365 | _aRs 1.75 | ||
| 504 | _a | ||
| 650 | _aDrama - Malayalam | ||
| 942 | _cBK | ||
| 999 |
_c457 _d457 |
||